000 00542nam a2200181Ia 4500
008 151018s9999 xx 000 0 und d
082 _bRBASDV56538
_a891.463
100 _aमायकेल मॅकमीलन
245 _aझेन
250 _b1
260 _bमनोविकास प्रकाशन पुणे
_c2011
300 _a180
600 _aमायकेल मॅकमीलन
630 _aझेन
700 _aमायकेल मॅकमीलन
730 _aझेन
942 _cBOOK
999 _c1052001
_d1051998